Doom Metal Albums By Cover Art - Statistics

General Stats
  • This quiz has been taken 38 times
  • The average score is 6 of 17
Answer Stats
Picture Answer % Correct
Paranoid
94%
Black Sabbath
88%
October Rust
75%
Dopethrone
72%
Come My Fanatics...
56%
Nightfall
50%
World Coming Down
44%
Amplifier Worship
34%
Bullhead
34%
Lysol
22%
Transcendence into the Peripheral
19%
A Bureaucratic Desire For Extra-Capsular Extraction
6%
Crippled Lucifer
6%
Dommedagsnatt
3%
Eroded Corridors Of Unbeing
3%
Gensho
3%
Gloomy Lights
3%
No matching quizzes found
Score Distribution
Percent of People with Each Score
Percentile by Number Answered
Your Score History
You have not taken this quiz